| LEADER 00000nam 2200000uu 4500 |
| 001 13399111671 |
| 003 BCNR |
| 008 110418s2552||||th 000 0 tha d |
| 020 9786161100094
|
| 041 0 tha
|
| 060 4 WA390^bศ818ร 2552
|
| 111 2 การสัมมนาวิชาการท้องถิ่นน่าอยู่ภาคกลางปี 2552 และการสัมมนาพลังชุมชนพลังท้องถิ่นขับเคลื่อนเมืองน่าอยู่ภาคกลางตะวันตก^n(ครั้งที่ 18 :^d2552 :^cเพชรบุรี)
|
| 245 00 เรื่องสั้นท้องถิ่นน่าอยู่ :^bการสัมมนาวิชาการท้องถิ่นน่าอยู่ภาคกลางปี 2552 เเละการสัมมนาพลังชุมชนพลังท้องถิ่นขับเคลื่อนเมืองน่าอยู่ภาคกลางตะวันตก ครั้งที่ 18 วันที่ 15-17 กรกฏาคม 2552 ณ โรงแรมลองบีช อำเภอชะอำ จังหวัดเพชรบุรี /^cศูนย์อนามัยที่ 1-4 สำนักอนามัยสิ่งแวดล้อม กรมอนามัย ... [และคณะ]
|
| 250 พิมพ์ครั้งที่ 1
|
| 260 ราชบุรี :^bศูนย์อนามัยที่ 4 ราชบุรี,^c2552
|
| 300 0144 หน้า :^bภาพประกอบ ;^c30 ซม.
|
| 650 7 ชุมชน
|
| 710 2 ศูนย์อนามัยที่ 1-4 ราชบุรี
|
| 710 2 เทศบาลเมืองชะอำ จังหวัดเพชรบุรี
|
| 710 2 สำนักงานสาธารณสุขจังหวัดเพชรบุรี
|
| 710 2 สำนักงานสิ่งแวดล้อมภาคที่ 8 ราชบุรี
|
| 999 ^aบรรณารักษ์
|